| 000 | 00385nam a2200157Ia 4500 | ||
|---|---|---|---|
| 008 | 230917s9999||||xx |||||||||||||| ||und|| | ||
| 020 | _cRS0.45 | ||
| 040 |
_e12425 _aMAIN |
||
| 041 | _aEnglish | ||
| 082 | _a301.445 S38I | ||
| 100 | _aSrivastava, H C | ||
| 245 | 0 | _aIntellectuals in contemporary India | |
| 260 |
_aNew Delhi _bHeritage _c1977 |
||
| 300 | _av, 158 p. | ||
| 942 | _cBK | ||
| 999 |
_c183975 _d183975 |
||